000 00621nam a2200205Ii 4500
003 JO-AjNU
008 230605s9999||||xx |||||||||||||| ||und||
040 _aJO-AjNU
_bara
_erda
_cJO-AjNU
041 _aara
050 1 4 _aHD31.J35.1991
100 3 _aجمجوم،هشام محمد نور,
_eauthor
_920924
245 0 0 _aسيكولوجية الادارة
250 _aط1
264 3 1 _aجدة:دار الشروق للنشر والتوزيع،1991
300 _a323ص
336 _atext
_btxt
_2rdacontent
337 _aunmediated
_bn
_2rdamedia
338 _avolume
_bnc
_2rdacarrier
650 4 _aالادارة
_920925
999 _aA7183
_c10751
_d10751